000 01046nas a2200349 4500
001 BR2014000650
003 BR-BrBNA
005 20231205123652.0
007 ta
008 230509b bl.|||p| |||| 00| 00por d
040 _aBR-BrBNA
_bpor
_cBiblioteca Nacional de Agricultura
041 _a(Pt)
072 _aF06; F08
100 1 _aTeixeira, A.M.
100 1 _aJayme, D.G.
100 1 _aSene, G.A.
100 1 _aFernandes, L.O.
100 1 _aBarreto, A.C.
100 1 _aRodrigues Júnior, D.J.
100 1 _aCoutinho, A.C.
100 1 _aGlória, J.R.
245 1 _aDesempenho de vacas girolando mantidas em pastejo de Tifton 85 irrigado ou sequeiro
650 _aGADO LEITEIRO
650 _aPASTEJO
650 _aIRRIGAÇÃO
650 _aMANEJO
650 _aPRODUÇÃO LEITEIRA
650 _aFORRAGEM
773 0 _tArquivo Brasileiro de Medicina Veterinária e Zootecnia (Brazil)
_xISSN 0102-0935
_g(Oct 2013), v. 65(5) p. 1447-1453
_wBR2014000650
909 _a202311
_bLúcia
_c55
_dLúcia Elande
942 _2AGRIS
_n0
_cANA
999 _c235083
_d235083